000 00453ntaaa2200181 4500
003 01
005 20251027202719.0
008 0714s1973 ag 01
040 _aAR-BaBN
_bspa
_cAR-BaBN
_eaacr
_dRIC
082 _a610.0000 R665
100 _aRobinson, Victor
_926870
245 _aLa medicina en la historia
250 _a1 ed.
260 _aBuenos Aires :
_bEdiciones del Tridente,
_c1947
300 _a476 p
650 _amedicina
_92219
942 _cBK
999 _c22318
_d22318